Statistiques concernant Focus sur: Graup - Harry Potter

Cliquez ici pour prendre le quiz!

Statistiques générales

  • Ce quiz a été pris 207 fois
  • Le résultat moyen est 4 sur 6

Statistiques - réponses

Informations recherchéesRéponses% Correct
Demi-frèreRubeus Hagrid
98%
Lieu de rencontre avec Harry PotterForêt Interdite
97%
EspèceGéant
97%
Première apparitionHarry Potter et l'Ordre du Phénix
96%
MèreFridluva
28%
Acteur l'interprétant dans les filmsTony Maudsley
17%

Distribution des résultats

Percentile par nombre de réponses

% des personnes avec chaque résultat

Votre développement - résultats

Vous n’avez pas pris ce quiz